|
|
|
|
| LEADER |
00000cam a2200000 i 4500 |
| 001 |
1/14493 |
| 008 |
001204s1996 eng d |
| 020 |
|
|
|a 0-8144-7928-6
|
| 035 |
|
|
|l 10065020
|
| 040 |
|
|
|a GR-MY-UA
|b gre
|e aacr
|
| 041 |
0 |
|
|a eng
|
| 082 |
0 |
|
|a 657.024658
|
| 100 |
1 |
|
|a Rachlin, Robert,
|d 1937-
|
| 245 |
1 |
0 |
|a Accounting and financial fundamentals for nonfinancial executives /
|c Robert Rachlin, Allen Sweeny
|
| 250 |
|
|
|a 2nd ed.
|
| 260 |
|
|
|a New York :
|b Amacom,
|c c1996
|
| 300 |
|
|
|a ix, 240 p.
|
| 504 |
|
|
|a Includes index
|
| 650 |
0 |
0 |
|a Accounting.
|
| 700 |
1 |
|
|a Sweeny, Allen.
|
| 852 |
|
|
|a INST
|b CHIOS
|e 20001204
|h 657.024658 RAC
|p 005200017173
|q 005200017173
|t BK
|y 0
|
| 901 |
|
|
|a BIBL2-2000-3
|
| 909 |
|
|
|a Χ
|b 076187
|
| 970 |
|
|
|a Σπέντζα
|b Ελένη
|z 2000/12/04
|